Základy forenzní psychologie /

Hlavní autor: Nevřala, Jan
Jazyk: Čeština
Vydáno: Ostrava : Ostravská univerzita, Pedagogická fakulta, 2005
Vydání: Vyd. 1.
Témata:
Externí odkaz: Digitalizovaný dokument
Fyzický popis: 139 s. ; 30 cm
Knihy
Uloženo v:
LEADER 01322nam a2200361 a 4500
001 000767026
003 CZ BrMZK
005 20090629140617.0
007 ta
008 050316s2005 xr erp 000 0 cze d
015 |a cnb001527804 
020 |a 80-7368-037-8  |q (brož.) 
035 |a (OCoLC)85140293 
040 |a BOA001  |b cze 
072 7 |a 343.9  |x Kriminalistika  |2 Konspekt  |9 16 
072 7 |a 37.016  |x Učební osnovy. Vyučovací předměty. Učebnice  |2 Konspekt  |9 22 
080 |a 343.95  |2 MRF 
080 |a (075.8)  |2 MRF 
100 1 |a Nevřala, Jan  |7 mzk2003181344  |4 aut 
245 1 0 |a Základy forenzní psychologie /  |c Jan Nevřala 
250 |a Vyd. 1. 
260 |a Ostrava :  |b Ostravská univerzita, Pedagogická fakulta,  |c 2005 
300 |a 139 s. ;  |c 30 cm 
500 |a 600 výt. 
504 |a Obsahuje bibliografii 
500 |a Dostupné též v digitální podobě v aplikaci Kramerius 
650 0 7 |a forenzní psychologie  |7 ph114562  |2 czenas 
655 7 |a učebnice vysokých škol  |7 fd133772  |2 czenas 
856 4 1 |u http://www.digitalniknihovna.cz/mzk/uuid/uuid:4f2b5870-47f1-11e6-a5c5-005056827e51  |y Digitalizovaný dokument  |x NDK 
910 |a BOA001  |b 3-1148.699 
990 |a BK 
991 |b 200504  |c NOV 
996 6 |b 2610246296  |c 3-1148.699  |l MZK  |r Sklad / do 1 hodiny  |n 13  |p p.v.  |w 000767026  |u 000010  |a 1  |e BOA001  |j MZK50  |s P